| 000 | 01111nab a22002537a 4500 | ||
|---|---|---|---|
| 999 |
_c6455 _d6455 |
||
| 003 | OSt | ||
| 005 | 20260205095327.0 | ||
| 008 | 190429b xxu||||| |||| 00| 0 spa d | ||
| 040 | _cPJ | ||
| 100 |
_97078 _aSchiavo, Nicolás |
||
| 245 | 1 | 3 |
_aLa doctrina del delito menor incluido en el juicio por jurados /
_cNicolás Schiavo. |
| 260 |
_cCiudad Autónoma de Buenos Aires : _aThomson Reuters La Ley, _b2024. |
||
| 300 | _ap. 99-111 | ||
| 500 | _aCita: TR LALEY AR/DOC/2339/2023. | ||
| 505 | _aSumario: I. Introducción.— II. El problema doctrinario base.— III. Fundamentación de la doctrina.— IV. Problemas constitucionales. | ||
| 505 | _tSi te interesa el texto completo, solicitalo a koha@justierradelfuego.gov.ar | ||
| 650 | 0 |
_9343 _aDERECHO PENAL |
|
| 650 | 0 |
_93067 _aJUICIO POR JURADOS |
|
| 650 | 0 |
_93533 _aINTERPRETACION DE LA LEY |
|
| 650 | 0 |
_9234 _aDERECHO COMPARADO |
|
| 650 | 0 |
_94597 _aCONSTITUCIONALIDAD |
|
| 773 | 0 |
_02658 _93164 _tRevista de derecho penal y criminología. Nº 4 - Mayo 2024 _dCiudad Autónoma de Buenos Aires : Thomson Reuters La Ley, 2017- _x00347914 |
|
| 942 |
_2udc _cANA |
||